000
00229 a2200097 4500
001
41730
100
_a
Cimhala S.J
245
_a
The technology strategy and politics of west view
260
_a
_b
Press
_c
090
_c
25846
_d
25846
942
_a
NUST-CAE
_c
M
_c
17609
999
_c
276803
_d
276803